Gazdag programot ígér az ifjú zenebarátoknak az új hangversenyévad
Elmentve itt :
| Dokumentumtípus: | Cikk |
|---|---|
| Megjelent: |
1962-10-05
|
| Sorozat: | Délmagyarország
52 No. 233 |
| Kulcsszavak: | Várady Zoltán, Vaszy Viktor, Zenei élet hangverseny 1962, Makó, Kistelek, Csongrád, zeneélet 1962-1979 |
| Online Access: | http://dmarchiv.bibl.u-szeged.hu/76543 |
| LEADER | 00536nab a2200145 i 4500 | ||
|---|---|---|---|
| 001 | delm76543 | ||
| 005 | 20180928084337.0 | ||
| 008 | 180928s1962 hu o 0|| hun d | ||
| 040 | |a SZTE Délmagyarország Archívum |b hun | ||
| 041 | |a hun | ||
| 245 | 0 | 0 | |a Gazdag programot ígér az ifjú zenebarátoknak az új hangversenyévad |h [elektronikus dokumentum] |
| 260 | |c 1962-10-05 | ||
| 300 | |a 3 | ||
| 490 | 0 | |a Délmagyarország |v 52 No. 233 | |
| 695 | |a Várady Zoltán, Vaszy Viktor, Zenei élet hangverseny 1962, Makó, Kistelek, Csongrád, zeneélet 1962-1979 | ||